000
00282nam a2200145Ia 4500
100
_a
Kanetkar/ Yashwant
942
_c
BK
654
_a
C
245
_a
Let us C++
260
_b
BPB Publication
_c
1999
082
_a
5.133
_b
KAN
300
_a
605
546
_a
ENGLISH
999
_c
22312
_d
22312